Statistiques concernant Culture Générale - Série 1373

Cliquez ici pour prendre le quiz!

Statistiques générales

  • Ce quiz a été pris 40 fois
  • Le résultat moyen est 4 sur 10

Statistiques - réponses

Question Réponse % Correct
Quel mot latin signifiant "de même" est souvent abrégé en "id." ?idem
87%
Quel robot de dessin animé né en 1975 lutte contre les forces de Véga à l'aide de ses "astéro-haches" et de ses "fulguro-poings" ?Goldorak
58%
Quel verbe signifiant "empiler des charges les unes sur les autres" s'utilise familièrement comme synonyme de "vomir" ?gerber
50%
Quel film de Clint Eastwood, sorti en 2009, est aussi le nom d'un modèle de voiture ?Gran Torino
50%
Dans quel film Mel Gibson incarne-t-il l'Écossais William Wallace, qui affronta les troupes du roi Edward Ier ?Braveheart
45%
Quelle ville est la capitale de l'État de Californie ?Sacramento
42%
Quel auteur du XVIIe siècle a créé le personnage de George Dandin ?Molière
32%
Quel écrivain français du XIXe siècle est l'auteur de "La Reine Margot" ?Alexandre Dumas
24%
Quel joueur de tennis suédois a remporté le tournoi de Wimbledon en 1988 et 1990 ?Stefan Edberg
18%
Quel roman de 1869, écrit par Victor Hugo, conte les aventures d'un enfant défiguré ?L'homme qui rit
11%

Distribution des résultats

Percentile par nombre de réponses

% des personnes avec chaque résultat

Votre développement - résultats

Vous n’avez pas pris ce quiz